| 000 | 00585nam a2200169Ia 4500 | ||
|---|---|---|---|
| 008 | 230917s9999||||xx |||||||||||||| ||und|| | ||
| 020 | _cRS495 | ||
| 040 |
_e253986 _aMAIN |
||
| 041 | _aEnglish | ||
| 082 | _a891.4317109 MB896:SK | ||
| 100 | _aशर्मा, कृष्णदत्त | ||
| 245 | 0 | _aमुक्तिबोध की आलोचना दृष्टि | |
| 260 |
_aनई दिल्ली _bअनामिका पब्लिशर्स _c2018 |
||
| 300 | _a223 पृ. p. | ||
| 500 | _a3406 18/01/2019 HBD19/7646 24/01/2019 Main Budget | ||
| 942 | _cBK | ||
| 999 |
_c30221 _d30221 |
||